| 000 | 00426nam a2200157Ia 4500 | ||
|---|---|---|---|
| 008 | 230312s9999||||xx |||||||||||||| ||und|| | ||
| 020 | _a81-7758-811-8 | ||
| 082 |
_a332.6 _bFIS-S |
||
| 100 | _aFischer,Donald.E | ||
| 245 | 0 | _aSecurity Analysis and Portfolio Management | |
| 260 |
_bPearsons _aIndia _c2009 |
||
| 300 | _a703 | ||
| 546 | _aEng. | ||
| 650 |
_aManagement _vSecurity Analysis and Portfolio Management |
||
| 942 | _cBK | ||
| 999 |
_c6447 _d6447 |
||